header

Principles of corporate renewal (Record no. 89080)

MARC details
000 -LEADER
fixed length control field 01148nam a22003014a 4500
082 04 - DEWEY DECIMAL CLASSIFICATION NUMBER
Classification number 658.4/063
100 1# - MAIN ENTRY--AUTHOR NAME
Personal name Platt, Harlan D.,
245 10 - TITLE STATEMENT
Title Principles of corporate renewal
250 ## - EDITION STATEMENT
Edition statement 2nd ed.
260 ## - PUBLICATION, DISTRIBUTION, ETC. (IMPRINT)
Place of publication Ann Arbor, MI :
Name of publisher University of Michigan Press,
Year of publication c2004.
300 ## - PHYSICAL DESCRIPTION
Number of Pages xx, 404 p.
650 #0 - SUBJECT ADDED ENTRY--TOPICAL TERM
Topical Term Corporate turnarounds.
856 40 - ELECTRONIC LOCATION AND ACCESS
Uniform Resource Identifier http://site.ebrary.com/lib/rucke/Doc?id=10392990

No items available.

© 2026 Rongo University
Contact us: librarian | system librarian | Rongo university